[Event "CUB-ch"]
[Site "?"]
[Date "1993.??.??"]
[Round "11"]
[White "Aldama, Degurnay"]
[Black "Nogueiras, Jesus"]
[Result "0-1"]
[WhiteElo "2460"]
[BlackElo "2580"]

1.e4 d6 2.d4 g6 3.Nc3 Bg7 4.Be3 a6 5.Qd2 Nd7 6.h4 h5 7.O-O-O b5 8.Nh3 Bb7
9.f3 c6 10.Ne2 Ngf6 11.Ng5 Nh7 12.Nxh7 Rxh7 13.Nf4 Qc7 14.Kb1 Nb6 15.Nh3 Rh8
16.Ng5 Rf8 17.g4 hxg4 18.fxg4 O-O-O 19.h5 gxh5 20.Rxh5 c5 21.Rh7 cxd4 22.Rxg7 dxe3
23.Qxe3 Qc5 24.Qxc5+ dxc5 25.Re1 Rd2 26.Rxf7 Rxf7 27.Nxf7 Bxe4 28.Bd3 Bxd3
29.cxd3 Na4 30.b3 Nc3+ 31.Kc1 Rg2 32.Re5 Nxa2+ 33.Kb1 Nc3+ 34.Kc1 Ne2+ 35.Kb1 Kb7
36.Rxc5 Rxg4 37.Re5 Nd4 38.Rxe7+ Kb6 39.Ne5 Rg1+ 40.Kb2 Kc5 41.Ra7 Rg2+ 42.Kb1 Kb6
43.Rd7 Nxb3 44.Rd6+ Ka5 45.Nd7 Nd2+ 46.Kc1 Nb3+ 47.Kb1 Kb4 48.Rxa6 Nd4 49.Ra8 Rg7
50.Nf6 Rg1+ 51.Kb2 Rg2+ 52.Kc1 Nb3+ 53.Kb1 Nc5 54.Rg8 Rh2 55.Rc8 Na4 56.Ne4 Kb3
57.Nc5+ Nxc5 58.Rxc5 Rh1+ 59.Rc1 Rxc1+ 60.Kxc1 Ka2  0-1

[Event "Cuxhaven op"]
[Site "Cuxhaven"]
[Date "1993.??.??"]
[Round "5"]
[White "Kindermann, Stefan"]
[Black "Nedela, Vlastimil"]
[Result "1-0"]
[WhiteElo "2520"]
[BlackElo "2400"]

1.e4 g6 2.d4 Bg7 3.Nc3 d6 4.Be3 Nf6 5.Qd2 O-O 6.f3 c6 7.O-O-O b5 8.Kb1 b4
9.Nce2 a5 10.Nc1 Qc7 11.Bh6 Bxh6 12.Qxh6 Nbd7 13.h4 c5 14.h5 Nb6 15.g4 cxd4
16.Nge2 e5 17.Ng3 Bxg4 18.Nf5 Bxf5 19.exf5 Nbd5 20.Qg5 a4 21.hxg6 fxg6 22.fxg6 a3
23.gxh7+ Kh8 24.Bc4 Rac8 25.Rdg1 Nxh7 26.Qd2 Nf6 27.Bd3 axb2 28.Ne2 d5 29.Nxd4 exd4
30.Bxh7 Qxh7 31.Rxh7+ Nxh7 32.Qxd4+ Rf6 33.Qg4  1-0

[Event "CZE Tschechien-ch"]
[Site "?"]
[Date "1993.??.??"]
[Round "2"]
[White "Efler, David"]
[Black "Pavlas, O."]
[Result "1-0"]
[WhiteElo "2305"]
[BlackElo "2010"]

1.e4 g6 2.d4 Bg7 3.Nc3 d6 4.Bc4 Nd7 5.Nf3 h6 6.O-O e5 7.dxe5 dxe5 8.Be3 c6
9.a4 Qe7 10.Nd2 Ngf6 11.Nb3 O-O 12.a5 Kh7 13.Qe2 Ne8 14.Rfd1 f5 15.exf5 gxf5
16.f3 Nef6 17.Qf2 a6 18.Na4 Re8 19.Re1 Nd5 20.Ba7 e4 21.fxe4 fxe4 22.Rxe4 Qd8
23.Rxe8 Qxe8 24.Re1 Qh5 25.Bd4 Ne5 26.Bxd5 cxd5 27.Qg3 Ng6 28.Bxg7 Kxg7 29.Nb6  1-0

[Event "CZE-chT"]
[Site "?"]
[Date "1993.??.??"]
[Round "?"]
[White "Keitlinghaus, Ludger"]
[Black "Pastircak, Milan"]
[Result "1-0"]
[WhiteElo "2485"]
[BlackElo "2385"]

1.e4 g6 2.d4 Bg7 3.Nc3 d6 4.Nf3 Nf6 5.Be2 O-O 6.O-O Bg4 7.h3 Bxf3 8.Bxf3 Nc6
9.Ne2 e5 10.c3 Re8 11.d5 Ne7 12.c4 Nd7 13.Nc3 f5 14.g3 Rf8 15.Kg2 Rf7 16.h4 Qf8
17.Nb5 Qd8 18.Bg5 Bf6 19.Bd2 fxe4 20.Bxe4 Nf5 21.Nc3 Nc5 22.Rh1 a5 23.h5 Qd7
24.hxg6 hxg6 25.Be3 Raf8 26.Bxc5 dxc5 27.d6 cxd6 28.Bd5 Nd4 29.Qd2 Bg7 30.Ne4 Ne6
31.Ng5 Nxg5 32.Qxg5 Qf5 33.Qxf5 gxf5 34.Rh5 Bf6 35.Rah1 Rb8 36.Rxf5 Kg7 37.Bxf7 Kxf7
38.Rh6  1-0

[Event "CZE-chT"]
[Site "?"]
[Date "1993.??.??"]
[Round "?"]
[White "Nemec, Pavel"]
[Black "Pastircak, Milan"]
[Result "1/2-1/2"]
[WhiteElo "2245"]
[BlackElo "2385"]

1.e4 g6 2.d4 Bg7 3.Nc3 d6 4.Nf3 Nf6 5.Be2 O-O 6.O-O Bg4 7.Be3 Nc6 8.Nd2 Bxe2
9.Qxe2 e5 10.Nb3 exd4 11.Bxd4 Re8 12.Qd3 Nxd4 13.Nxd4 d5 14.exd5 Nxd5 15.Rad1 Nxc3
16.Qxc3 Re4 17.Ne6 Bxc3 18.Nxd8 Bxb2 19.Nxb7 Rc4 20.Rfe1 Kf8 21.Re2 Re8 22.Red2 Bc3
23.Rd5 Re5 24.Rd8+ Kg7 25.R8d7 Rd4 26.R7xd4 Bxd4 27.g3 Re4 28.Kf1 Bf6 29.a3 Ra4
30.Rd3 Rc4 31.Rd2 Be7 32.Na5 Ra4 33.Rd7 Rxa5 34.Rxe7 Rc5 35.Re4 Rxc2 36.Ra4 h5
37.Rxa7 Ra2 38.Rxc7  1/2-1/2

[Event "Debrecen-C"]
[Site "Debrecen"]
[Date "1993.??.??"]
[Round "9"]
[White "Vajda, Albert"]
[Black "Schmid, Siegfried"]
[Result "1/2-1/2"]
[WhiteElo "2180"]
[BlackElo "2240"]

1.e4 g6 2.d4 Bg7 3.Nc3 d6 4.g3 Nf6 5.Bg2 c6 6.a4 O-O 7.Nge2 Nbd7 8.h3 Qc7
9.O-O e5 10.Be3 Re8 11.Qd2 exd4 12.Bxd4 Nc5  1/2-1/2

[Event "DEN-chT9394"]
[Site "DEN"]
[Date "1993.??.??"]
[Round "1"]
[White "Alkaersig, Ole"]
[Black "Andreasen, Per"]
[Result "1-0"]
[WhiteElo "2265"]
[BlackElo "2275"]

1.e4 g6 2.d4 Bg7 3.Nc3 d6 4.f4 c6 5.Be3 Nf6 6.Nf3 Qb6 7.Rb1 O-O 8.Be2 e5
9.fxe5 dxe5 10.Nxe5 Nxe4 11.Nxe4 Bxe5 12.Qd2 Bg7 13.O-O Qd8 14.Bc4 Nd7 15.Bg5 Qb6
16.c3 c5 17.Rxf7 Rxf7 18.Rf1 Ne5 19.dxe5 Be6 20.Rxf7 Bxc4 21.Rxg7+ Kxg7 22.Bh6+ Kh8
23.Qd7 Rg8 24.Ng5  1-0

[Event "DEN-chT9394"]
[Site "DEN"]
[Date "1993.??.??"]
[Round "2"]
[White "Christensen, Tobias"]
[Black "Andreasen, Per"]
[Result "0-1"]
[WhiteElo "2380"]
[BlackElo "2275"]

1.e4 g6 2.d4 Bg7 3.Nc3 d6 4.f4 Nc6 5.Bb5 a6 6.Bxc6+ bxc6 7.Nf3 Nf6 8.O-O O-O
9.Qe1 a5 10.Qh4 a4 11.Bd2 d5 12.e5 Ne4 13.Ng5 Nxg5 14.Qxg5 Bf5 15.Rac1 e6
16.Qg3 c5 17.Be3 cxd4 18.Bxd4 Qe7 19.Qf3 Qb4 20.Qf2 Rfc8 21.a3 Qc4 22.Bc5 Rab8
23.Qd4 Qxd4+ 24.Bxd4 c5 25.Bf2 Rxb2 26.Nxa4 Rb5 27.c4 dxc4 28.Rfd1 Bd3 29.Nxc5 Bf5
30.Rxc4 Bf8 31.Rdc1 Rb2 32.h3 Rd8 33.Bd4 Bxc5 34.Bxc5 Rdd2 35.Rd4 Rxg2+ 36.Kf1 Rbf2+
37.Ke1 Re2+ 38.Kd1 h5 39.Rd8+ Kh7 40.Be7 Ref2 41.Ke1 Re2+ 42.Kd1 Ra2 43.Bh4 Rg1+
44.Be1 Bxh3  0-1

[Event "DEN-chT9394"]
[Site "DEN"]
[Date "1993.??.??"]
[Round "2"]
[White "Alkaersig, Ole"]
[Black "Nielsen, Poul Erik"]
[Result "1/2-1/2"]
[WhiteElo "2265"]
[BlackElo "2235"]

1.e4 g6 2.d4 Bg7 3.Nc3 d6 4.f4 c6 5.Be3 Qb6 6.Rb1 d5 7.e5 f6 8.Nf3 Bg4 9.h3 Bxf3
10.Qxf3 e6 11.Bd3 Ne7 12.O-O Nd7 13.g4 f5 14.b4 Qc7 15.Kg2 b5 16.a4 a6 17.a5 O-O-O
18.g5 h6  1/2-1/2

[Event "DEN-chT9394"]
[Site "DEN"]
[Date "1993.??.??"]
[Round "3"]
[White "Jorgensen, Per Henrik Dorff"]
[Black "Pedersen, Svend"]
[Result "1/2-1/2"]
[WhiteElo "2295"]
[BlackElo "2250"]

1.d4 d6 2.e4 g6 3.Nc3 Bg7 4.f4 c6 5.Nf3 d5 6.e5 h5 7.Be3 Nh6 8.Qd2 Bg4 9.Be2 e6
10.g3 Nf5 11.Bf2 Nd7 12.h3 Bxf3 13.Bxf3 a6 14.O-O-O Qa5 15.g4 hxg4 16.hxg4 Rxh1
17.Rxh1 Ne7 18.Rh7 Bf8 19.f5 c5 20.fxe6 fxe6 21.Bh4 cxd4 22.Qf4 O-O-O 23.Qxd4 Nc6
24.Qf4 Ncxe5 25.Bxd8 Qxd8 26.Bg2 Bd6 27.Qh6 Nf8 28.Rg7 Nxg4 29.Qh3 Qg5+ 30.Kb1 Nf2
31.Qf3 Qe5 32.Qxf2 Qxg7 33.a3 Kc7 34.Bh3 Qe7 35.Na4 Nd7 36.Qe3 e5 37.Qd3 Nf6
38.c4 e4 39.Qd4 dxc4 40.Qxc4+ Kb8 41.Nb6 e3 42.Qe2 Nh5 43.Bg4 Qe4+ 44.Ka2 Nf4
45.Qh2 Kc7 46.Na8+ Kc6 47.Qh8 Qc4+ 48.Ka1 Qc1+  1/2-1/2

[Event "Dhaka"]
[Site "Dhaka"]
[Date "1993.??.??"]
[Round "?"]
[White "Hodgson, Julian M"]
[Black "Koshy, Varugeese"]
[Result "1-0"]
[WhiteElo "2245"]
[BlackElo "2420"]

1.d4 g6 2.e4 Bg7 3.Nc3 d6 4.Be3 a6 5.a4 b6 6.g3 Bb7 7.Bg2 Nd7 8.Nge2 h5 9.h3 e5
10.O-O h4 11.g4 g5 12.a5 b5 13.Nd5 f6 14.c4 c6 15.Nb6 Nxb6 16.axb6 bxc4 17.Qa4 Nh6
18.d5 Qd7 19.dxc6 Qxc6 20.Rfc1 Qxa4 21.Rxa4 Rc8 22.Raxc4 Rxc4 23.Rxc4 Rf8
24.Nc1 Rf7 25.Nb3 Bf8 26.Na5 d5 27.exd5 Bd6 28.Be4 Kd8 29.Bg6 Rg7 30.Nxb7+ Rxb7
31.Rc6 Kd7 32.Bd3  1-0

[Event "Dhaka"]
[Site "Dhaka"]
[Date "1993.??.??"]
[Round "?"]
[White "Rahman, Zillur"]
[Black "Norwood, David"]
[Result "0-1"]
[WhiteElo "2320"]
[BlackElo "2525"]

1.e4 g6 2.d4 Bg7 3.Nc3 d6 4.Be3 a6 5.f4 b5 6.Bd3 Bb7 7.Nf3 Nf6 8.e5 Ng4 9.Qe2 Nc6
10.Bg1 O-O 11.h3 Nh6 12.h4 Nb4 13.h5 Nxd3+ 14.Qxd3 c5 15.e6 c4 16.exf7+ Rxf7
17.Qe2 e5 18.hxg6 hxg6 19.fxe5 Bxf3 20.gxf3 dxe5 21.d5 Nf5 22.Qh2 Bh6 23.Ne4 Qf8
24.Ng5 Rd7 25.Qxe5 Re8 26.Ne6 Bg7 27.Qe4 Qb4+ 28.Kf2 Qd2+  0-1

[Event "Doha"]
[Site "Doha"]
[Date "1993.??.??"]
[Round "1"]
[White "Al Modiahki, Mohamad"]
[Black "Catalan, Toufeeq"]
[Result "1-0"]
[WhiteElo "2405"]
[BlackElo "2200"]

1.e4 g6 2.d4 Bg7 3.Nc3 d6 4.Nge2 Nf6 5.g3 O-O 6.Bg2 e5 7.h3 Nbd7 8.Be3 a6
9.a4 b6 10.O-O exd4 11.Bxd4 Bb7 12.g4 Re8 13.Ng3 h6 14.f4 c5 15.Bf2 Qc7 16.Qd2 Bc6
17.Rad1 Bf8 18.Be3 b5 19.axb5 axb5 20.e5 dxe5 21.g5 b4 22.Bxc6 bxc3 23.Qg2 Ra6
24.Bb5 Ra5 25.Bc4 Nb6 26.b3 Nxc4 27.bxc4 hxg5 28.f5 Bg7 29.Bxg5 Nh7 30.fxg6 Nxg5
31.gxf7+ Nxf7  1-0

[Event "Arab-ch8 Doha"]
[Site "Doha"]
[Date "1993.??.??"]
[Round "8"]
[White "Al Modiahki, Mohamad"]
[Black "Battikhi, H."]
[Result "1-0"]
[WhiteElo "2380"]
[BlackElo "2220"]

1.e4 g6 2.d4 Bg7 3.Nc3 d6 4.Nge2 Nf6 5.g3 O-O 6.Bg2 e5 7.h3 Nc6 8.Be3 Na5
9.b3 Re8 10.O-O exd4 11.Bxd4 Nc6 12.Be3 a5 13.a4 Nb4 14.Qd2 c6 15.Rad1 Qe7
16.Rfe1 d5 17.exd5 Nfxd5 18.Nxd5 Nxd5 19.Bxd5 cxd5 20.Nf4 Bf5 21.Nxd5 Qe4
22.Bh6 Qf3 23.Bxg7 Kxg7 24.Qd4+ Kh6 25.Qh4+ Kg7 26.Qf6+ Kh6 27.Ne7 Rxe7 28.Qxe7 Bxc2
29.Rd4 Bxb3 30.Re3 Qf5 31.Rxb3 Rc8 32.Qe3+ Kg7 33.Kh2 Rc2 34.Rf4 Qd5 35.Qd4+ Qxd4
36.Rxd4 Rxf2+ 37.Kg1 Rc2 38.Rxb7 Rc5 39.Kf2 Rc2+ 40.Kf3 Rc3+ 41.Kf4 g5+ 42.Kxg5 Rxg3+
43.Kh4 Ra3 44.Rf4  1-0

[Event "Dortmund op-A"]
[Site "Dortmund"]
[Date "1993.??.??"]
[Round "3"]
[White "Slobodjan, Roman"]
[Black "Mainka, Gregor"]
[Result "1-0"]
[WhiteElo "2440"]
[BlackElo "2360"]

1.e4 g6 2.d4 Bg7 3.Nc3 d6 4.Be3 c6 5.Qd2 b5 6.a4 b4 7.Nd1 Nf6 8.f3 a5 9.Bd3 Nbd7
10.Ne2 e5 11.O-O exd4 12.Nxd4 Bb7 13.Bh6 Bxh6 14.Qxh6 Qb6 15.Qe3 O-O 16.Nb3 Qc7
17.Qf4 Ne8 18.Ne3 Ne5 19.Rfd1 Ng7 20.Kh1 Ne6 21.Qg3 c5 22.Bc4 Rad8 23.Bd5 Ba6
24.f4 Nc6 25.c3 Ng7 26.Bxc6 Qxc6 27.Nd5 Kh8 28.Nxa5 Qa8 29.cxb4 cxb4 30.Qe1 Rb8
31.Nxb4 Rfe8 32.Nd5 Rxb2 33.Nc7 Qxe4 34.Qxe4 Rxe4 35.Nxa6 Nf5 36.Rdc1 Rxf4
37.Nc4 Re2 38.Rc3 Rg4 39.Rg1 Ree4 40.Nb2 Re2 41.Nd1 Kg7 42.Ra3 Re7 43.Nf2 Rg5
44.Ra2 Nd4 45.Nb4 Ne2 46.Rga1 Nc3 47.Ra3 Re2 48.Rxc3 Rxf2 49.Rc2  1-0

[Event "Dortmund op-A"]
[Site "Dortmund"]
[Date "1993.??.??"]
[Round "4"]
[White "Speckner, Roland"]
[Black "Schmaltz, Roland"]
[Result "1/2-1/2"]
[WhiteElo "2250"]
[BlackElo "2390"]

1.e4 g6 2.d4 Bg7 3.Nc3 d6 4.Nf3 a6 5.a4 b6 6.Bc4 e6 7.Bg5 Ne7 8.O-O Nd7 9.Re1 Bb7
10.Qd2 h6 11.Bh4 O-O 12.Rad1 Kh7 13.Bb3 Qe8 14.Bg3 Rd8 15.Qe2 Nf6 16.h3 Qd7
17.e5 Nfd5 18.Ne4 Nf5 19.Bh2 Qe7 20.c3 a5 21.Bc2 dxe5 22.dxe5 Kh8 23.Rd2 Nh4
24.Nxh4 Qxh4 25.Bg3 Qe7 26.Red1 h5 27.f4 Rfe8 28.Qf2 Qf8 29.Bh4 Ne7 30.Rd7 Rxd7
31.Rxd7 Nd5 32.Ng5 Re7 33.Rd8 Re8 34.Rd7 Re7 35.Rd8 Re8 36.Rd7 Re7  1/2-1/2

[Event "Drobeta"]
[Site "Drobeta"]
[Date "1993.??.??"]
[Round "?"]
[White "Hristodorescu, Daniel"]
[Black "Itkis, Boris"]
[Result "1/2-1/2"]
[WhiteElo "2335"]
[BlackElo "2435"]

1.e4 g6 2.d4 Bg7 3.Nc3 d6 4.f4 Nf6 5.Nf3 c5 6.dxc5 Qa5 7.Bd3 Qxc5 8.Qe2 Nc6
9.Be3 Qa5 10.h3 d5  1/2-1/2

[Event "Dublin zt"]
[Site "Dublin"]
[Date "1993.??.??"]
[Round "3"]
[White "Duncan, Christopher R"]
[Black "Noyce, Robert"]
[Result "1/2-1/2"]
[WhiteElo "2285"]
[BlackElo "2245"]

1.e4 g6 2.d4 d6 3.Nc3 Bg7 4.Be3 a6 5.Qd2 b5 6.a4 b4 7.Nd1 Bb7 8.f3 a5 9.c3 bxc3
10.bxc3 Nd7 11.Nb2 Ngf6 12.Bd3 O-O 13.Ne2 c5 14.O-O Qc7 15.Rfc1 Rfb8 16.Nc4 Ba6
17.Na3 c4 18.Bc2 e5 19.Rab1 Qc6 20.g4 Nb6 21.Qd1 Bf8 22.d5 Qc7 23.Nb5 Bxb5
24.Rxb5  1/2-1/2

[Event "Dublin zt"]
[Site "Dublin"]
[Date "1993.??.??"]
[Round "3"]
[White "Roberts, Paul"]
[Black "Ludgate, Alan"]
[Result "0-1"]
[WhiteElo "2160"]
[BlackElo "2250"]

1.e4 g6 2.d4 Bg7 3.Nc3 d6 4.f4 Nf6 5.Nf3 O-O 6.Bd3 Nc6 7.O-O Bg4 8.e5 dxe5
9.fxe5 Bxf3 10.Qxf3 Qxd4+ 11.Be3 Qxe5 12.Rad1 Ng4 13.Bf4 Qc5+ 14.Kh1 Nge5
15.Ne4 Qb4 16.Qh3 Nxd3 17.Rxd3  0-1

[Event "Dublin zt"]
[Site "Dublin"]
[Date "1993.??.??"]
[Round "5"]
[White "Smith, Andrew Philip"]
[Black "Noyce, Robert"]
[Result "1-0"]
[WhiteElo "2265"]
[BlackElo "2245"]

1.e4 g6 2.d4 d6 3.Nc3 Bg7 4.Be3 a6 5.Qd2 b5 6.f3 Nd7 7.a4 b4 8.Nd1 a5 9.Nh3 e5
10.Bb5 Bb7 11.dxe5 dxe5 12.O-O Nf6 13.Ndf2 O-O 14.Rfd1 Qe7 15.Nd3 Rfd8 16.Qf2 Ne8
17.Bc4 Nd6 18.Bb3 h6 19.Qg3 Kh7 20.Nc5 Nxc5 21.Bxc5 Qf6 22.Qe1 Ba6 23.c3 bxc3
24.Qxc3 Bf8 25.Nf2 Kg7 26.Ng4 Qg5 27.Be3 Qh5 28.Bxh6+ Kh7 29.Nf6+  1-0

[Event "Dublin zt"]
[Site "Dublin"]
[Date "1993.??.??"]
[Round "7"]
[White "Smith, Andrew Philip"]
[Black "Crouch, Colin S"]
[Result "0-1"]
[WhiteElo "2265"]
[BlackElo "2415"]

1.e4 g6 2.d4 Bg7 3.Nc3 d6 4.Be3 a6 5.Qd2 b5 6.a4 b4 7.Nd1 a5 8.f3 Nd7 9.Nh3 e5
10.Bb5 Ne7 11.dxe5 Bxe5 12.Bh6 c6 13.Be2 d5 14.Nhf2 Nc5 15.Nd3 Nxd3+ 16.Bxd3 dxe4
17.fxe4 Qc7 18.h3 Ng8 19.Bg5 Nf6 20.Rf1 Nh5 21.Rf3 Bg3+ 22.Nf2 Be6 23.O-O-O O-O
24.Ng4 c5 25.Bb5 Bxg4 26.hxg4 Ng7 27.Bf6 Be5 28.g5 Ne6 29.Rh1 h5 30.Qf2 Bxf6
31.gxf6 Qe5 32.Kb1 Ng5 33.Rf4 Nxe4 34.Qh4 Nd2+ 35.Ka1 Rfd8 36.Re1 Qd6 37.Qg5 b3
38.Bd3 Re8 39.Rh1 Qe5 40.Qg3 Qe3 41.Qh4 Re5 42.Rd1 c4 43.Rxc4 Nxc4 44.Qxc4 Qd2
45.Rb1 bxc2 46.Bxc2 Qd5 47.Qf4 Kh7 48.Rd1 Qe6 49.g4 Rc8 50.gxh5 Rxh5 51.Bd3 Kg8
52.Be2 Qxe2  0-1

[Event "Dublin zt"]
[Site "Dublin"]
[Date "1993.??.??"]
[Round "7"]
[White "Duncan, Christopher R"]
[Black "Ludgate, Alan"]
[Result "1/2-1/2"]
[WhiteElo "2285"]
[BlackElo "2250"]

1.e4 g6 2.d4 Bg7 3.Nc3 d6 4.Bc4 Nf6 5.Bg5 O-O 6.f3 c6 7.Qd2 Nbd7 8.O-O-O b5
9.Bd3 a5 10.h4 h5 11.g4 Nb6 12.e5 Nxg4 13.fxg4 Bxg4 14.Re1 dxe5 15.dxe5 b4
16.Ne4 Bxe5 17.Nf2 Bxb2+ 18.Kxb2 Qd4+ 19.Kb1 Na4 20.Qc1 Nc3+ 21.Ka1 Nd1+
22.Kb1 Nxf2 23.Be3 Nxd3 24.Bxd4 Nxc1 25.Kxc1 Rfd8 26.Be3 Rd5 27.Nh3 Bxh3
28.Rxh3 Rad8 29.Rh2 Re5 30.Rd2 Rxd2 31.Bxd2 Rxe1+ 32.Bxe1 f6 33.Kd2 Kf7 34.Bf2 g5
35.hxg5 fxg5 36.Bb6 a4 37.Bc5 Kf6 38.Ke3 e6 39.Bxb4 Ke5 40.Be7 Kf5 41.Bd8 h4
42.Be7 e5 43.Bd8 h3 44.Kf3 g4+ 45.Kg3 Ke4 46.Bb6 Kd5  1/2-1/2

[Event "Eger"]
[Site "Eger"]
[Date "1993.??.??"]
[Round "2"]
[White "Vajda, Albert"]
[Black "Bali, Janos"]
[Result "1/2-1/2"]
[WhiteElo "2345"]
[BlackElo "2235"]

1.e4 g6 2.d4 Bg7 3.Nc3 d6 4.g3 e5 5.d5 Ne7 6.Nge2 O-O 7.Bg2 Nd7 8.O-O f5
9.Be3 Nf6 10.f3 c6 11.dxc6 bxc6 12.Kh1 d5 13.exd5 Nexd5 14.Bc5 Rf7 15.Qc1 Qa5
16.Bg1 Nxc3 17.Nxc3 Nd5 18.Nd1 Ba6 19.c4 Nc7 20.b3 Ne6 21.Qc2 Rd8 22.Qc3 Qc7
23.Rb1 Rfd7 24.Nb2 c5 25.Rbd1 Bb7 26.Rxd7 Rxd7 27.Qe3 Qd8 28.Na4 Rd3 29.Qe1 Rd2
30.Nxc5 Nxc5 31.Bxc5 Rxa2 32.Rf2 Rxf2 33.Bxf2 Qd3 34.Qe3 Qd1+ 35.Bg1 a6 36.b4 h6
37.b5 axb5 38.cxb5 g5 39.Qb6 Qd5 40.h3 g4 41.hxg4 fxg4 42.Kh2 Kh8 43.Qc5 gxf3
44.Qxd5 Bxd5 45.Bh3 e4 46.Bd7 Be5 47.Bc6 Bxc6 48.bxc6 Kh7 49.Bb6 Kg6 50.c7 Bxc7
51.Bxc7 e3 52.Bb6 e2 53.Bf2 Kf5 54.Kh3 Kg5 55.Be1 Kh5  1/2-1/2

[Event "Eger"]
[Site "Eger"]
[Date "1993.??.??"]
[Round "4"]
[White "Weiss, Roland"]
[Black "Bali, Janos"]
[Result "1/2-1/2"]
[WhiteElo "2275"]
[BlackElo "2235"]

1.e4 g6 2.d4 Bg7 3.Nc3 d6 4.g3 e5 5.dxe5 dxe5 6.Qxd8+ Kxd8 7.Bg5+ f6 8.O-O-O+ Bd7
9.Be3 Bh6 10.f4 c6 11.Nge2 b6 12.g4 exf4 13.Nxf4 Kc8 14.h3 Ne7 15.Kb1 b5
16.Rh2 Re8 17.Rd6 f5 18.e5 b4 19.e6 Bxf4 20.Bxf4 bxc3 21.Ba6+ Kd8 22.exd7 Nxd7
23.Re2 Nd5 24.Rxe8+ Kxe8 25.Bb7 Rb8 26.Rxd7 Nxf4 27.Rxh7 Ne6 28.Bxc6+ Kd8
29.Rh8+ Kc7 30.Rxb8 Kxb8 31.gxf5 gxf5 32.Bd7 Ng7 33.b4 Kc7 34.Bb5 Kb6 35.Bd3 a5
36.b5 a4 37.Kc1 Kc5 38.Kd1 f4 39.Ke2 Ne6 40.Kf3 Kb4 41.b6 Nc5 42.Be4 Ka3
43.Bc6 Ne6 44.Bd5 Nd4+ 45.Kxf4 Nxc2 46.h4 Nb4 47.Be4 Nd5+ 48.Ke5 Nxb6 49.Kd4 Kb2
50.h5 Nd7 51.h6 Nf6 52.h7 Nxh7 53.Bxh7  1/2-1/2

[Event "Eger"]
[Site "Eger"]
[Date "1993.??.??"]
[Round "7"]
[White "Krockenberger, Martin"]
[Black "Bali, Janos"]
[Result "1/2-1/2"]
[WhiteElo "2305"]
[BlackElo "2235"]

1.e4 g6 2.d4 Bg7 3.Nc3 d6 4.Nf3 Nf6 5.h3 O-O 6.Be3 b6 7.Qd2 Bb7 8.d5 c6 9.O-O-O b5
10.dxc6 Bxc6 11.e5 b4 12.exf6 bxc3 13.Qxc3 Bxf6 14.Bd4 Bxf3 15.Qxf3 Bxd4
16.Rxd4 Qb6 17.Rd2 Nc6 18.Qe3 Qxe3 19.fxe3 Ne5 20.Ba6 Rab8 21.Rf1 Rb6 22.Be2 Rfb8
23.c3 Kf8 24.h4 h5 25.Rf4 e6 26.Ra4 R8b7 27.Rc2 Ke7 28.b3 f5 29.Ra6 Kf6 30.Rxb6 axb6
31.a4 g5 32.hxg5+ Kxg5 33.b4 h4 34.Kd2 f4 35.a5 bxa5 36.bxa5 Ra7 37.a6 d5
38.Rb2 Nc4+ 39.Bxc4 dxc4 40.exf4+ Kxf4 41.Rb6 Rg7 42.Rxe6 Rxg2+ 43.Ke1 Ra2
44.Kf1 Kg3 45.Re3+ Kf4 46.Re6 Kf5 47.Rc6 Kg4 48.Re6 Kf5 49.Rh6 Kg4 50.Re6 Ra3
51.Kg2 Ra2+ 52.Kg1 Kf5 53.Rc6 Kf4 54.Re6 Kf3 55.Rc6 Kg3 56.Rg6+ Kh3 57.Rh6 Ra3
58.Re6 Rxc3 59.a7 Rc1+ 60.Kf2 Ra1 61.Rc6 Rxa7 62.Rxc4  1/2-1/2

[Event "Narancs Cup"]
[Site "Eger"]
[Date "1993.??.??"]
[Round "10"]
[White "Vajda, Albert"]
[Black "Meszaros, Andras"]
[Result "1-0"]
[WhiteElo "2345"]
[BlackElo "2390"]

1.e4 g6 2.d4 Bg7 3.Nc3 d6 4.Nge2 Nf6 5.g3 O-O 6.Bg2 e5 7.h3 exd4 8.Nxd4 Re8
9.O-O Nbd7 10.Re1 Nc5 11.Bg5 h6 12.Bf4 Nh7 13.Nb3 Ne6 14.Be3 Bd7 15.Qd2 a5
16.a4 Qc8 17.Bxh6 Bxh6 18.Qxh6 c5 19.Qd2 c4 20.Nd4 Nxd4 21.Qxd4 Bxh3 22.Qxd6 Ra6
23.Qf4 g5 24.Bxh3 Qxh3 25.Qf3 Rae6 26.Rad1 f5 27.Qg2 Qh5 28.Rd5 g4 29.Red1 Ng5
30.Rxf5 Qh6 31.Kf1 Rb6 32.Nd5 Rg6 33.e5 Nf3 34.Nf6+ Rxf6 35.Rxf6 Qh5 36.Rd4 Rxe5
37.Rxg4+ Qxg4 38.Rxf3 Rf5 39.Re3 Qd1+ 40.Re1 Qxc2 41.f4 Qd3+ 42.Kg1 Rh5 43.Qe2 Qxg3+
44.Qg2 Rh3 45.Rc1 Kf7 46.Qxg3 Rxg3+ 47.Kf2 Rb3 48.Rxc4 Rxb2+ 49.Ke3 Ke6 50.Re4+ Kd6
51.f5 Kd5 52.f6 Rb3+ 53.Kf4 Rb6 54.Re5+ Kc4 55.f7 Rf6+ 56.Rf5 Rxf7 57.Rxf7 b5
58.axb5 Kxb5 59.Ke3 Kc4 60.Kd2 Kb3 61.Kc1 a4 62.Kb1 a3 63.Rf3+  1-0

[Event "Eger"]
[Site "Eger"]
[Date "1993.??.??"]
[Round "11"]
[White "Birk, Steffen"]
[Black "Bali, Janos"]
[Result "1-0"]
[WhiteElo "2290"]
[BlackElo "2235"]

1.e4 g6 2.d4 Bg7 3.Nc3 d6 4.Be3 Nf6 5.Qd2 Ng4 6.Bg5 h6 7.Bh4 O-O 8.f4 c6
9.Nf3 Nf6 10.Bd3 b5 11.O-O b4 12.Ne2 a5 13.a3 Na6 14.e5 Nd5 15.c4 bxc3 16.bxc3 Be6
17.c4 Ndc7 18.exd6 Qxd6 19.Ne5 c5 20.d5 Bd7 21.Nc3 f5 22.Rae1 Rae8 23.Kh1 Kh7
24.Bc2 Nb8 25.Na4 e6 26.Qxa5 Bxa4 27.Bxa4 Rc8 28.Bf2 Nba6 29.Nd7 Rfd8 30.Nxc5 Bc3
31.Qxc3 Nxc5 32.Bxc5 Qxc5 33.dxe6 Ra8 34.e7 Rg8 35.Re5 Qd6 36.Rd1 Qa6 37.Bb5 Nxb5
38.cxb5 Qa4 39.Qe1 Rge8 40.Rd8 Qxa3 41.h3 Kg8 42.Rxa8 Qxa8 43.Qg3 Kf7 44.Qb3+ Kg7
45.b6 Qa1+ 46.Kh2 Qd4 47.Qe3 Qb2 48.Re6  1-0

[Event "NLD-ch sf"]
[Site "Enschede"]
[Date "1993.??.??"]
[Round "6"]
[White "Hendriks, Willy"]
[Black "Kamstra, Cor"]
[Result "1/2-1/2"]
[WhiteElo "2370"]
[BlackElo "2240"]

1.e4 g6 2.d4 Bg7 3.Nc3 d6 4.Bg5 Nf6 5.Qd2 h6 6.Bh4 g5 7.Bg3 Nh5 8.Bc4 Nc6
9.Nge2 e5 10.dxe5 Nxe5 11.Bb3 Be6 12.Nd5 a5 13.a3 a4 14.Ba2 O-O 15.O-O Ng6
16.c3 Nf6 17.f3 Nxd5 18.Bxd5 Bxd5 19.Qxd5 Ne7 20.Qd3 d5 21.Rad1 c6 22.Bf2 Re8
23.Ng3 dxe4 24.Qxe4 Nd5 25.Qg4 Qc8 26.Nf5 Re2 27.Rfe1 Qe6 28.Rxe2 Qxe2 29.Re1 Qd2
30.h4 Bf8 31.hxg5 Qxg5 32.Re4 Nf6 33.Qxg5+ hxg5 34.Re2 Re8 35.Kf1 Rxe2 36.Kxe2 Nd5
37.Kd2 f6 38.g3 Kf7 39.c4 Nc7 40.Kd3  1/2-1/2

[Event "ESP-ch"]
[Site "?"]
[Date "1993.??.??"]
[Round "1"]
[White "Magem Badals, Jorge"]
[Black "Pastor Pons, Carlos"]
[Result "1-0"]
[WhiteElo "2505"]
[BlackElo "2305"]

1.e4 g6 2.d4 Bg7 3.Nc3 d6 4.g3 e5 5.dxe5 dxe5 6.Qxd8+ Kxd8 7.Bc4 f6 8.f4 Nd7
9.Nf3 c6 10.O-O b5 11.Bb3 a5 12.fxe5 a4 13.Bxg8 Rxg8 14.exf6 Nxf6 15.a3 Re8
16.Bg5 Kc7 17.Bf4+ Kb6 18.Be5 Bh3 19.Bd4+ Ka6 20.Rfe1 Rad8 21.Rad1 Bg4 22.Kg2 Bh8
23.h3 Be6 24.g4 h6 25.Ne5 Rc8 26.Nxg6 c5 27.Bf2 Bg7 28.Nf4 Bc4 29.Rd6+ Ka5
30.Nd3 b4 31.axb4+ cxb4 32.Bb6+ Ka6 33.Nc5+ Rxc5 34.Bxc5+ Kb7 35.Rb6+ Kc8
36.Rxb4 Be6 37.Rxa4 Nd7 38.Ra8+ Nb8 39.Bd6 Kb7 40.Rea1 Bd4 41.R8a4 Bb6 42.Bg3 Bd7
43.R4a3 Bc6 44.Re1 Nd7 45.Bf2 Bc7 46.Rb3+ Kc8 47.Nd5 Bb8 48.c4 Ne5 49.Rc3 Kd7
50.Nf6+ Ke7 51.Nxe8 Bxe8 52.c5 Bc6 53.b4 Ke6 54.Bg3 Bb5 55.Ra1 Bc6 56.Ra6 Kd7
57.Rb6 Bxe4+ 58.Kf1  1-0

[Event "ESP-ch"]
[Site "?"]
[Date "1993.??.??"]
[Round "9"]
[White "Mellado Trivino, Juan"]
[Black "Pastor Pons, Carlos"]
[Result "1-0"]
[WhiteElo "2415"]
[BlackElo "2305"]

1.e4 g6 2.d4 Bg7 3.Nc3 d6 4.Bc4 Nf6 5.Qe2 c6 6.e5 dxe5 7.dxe5 Nd5 8.Bd2 Na6
9.Nf3 O-O 10.O-O-O Nac7 11.Qe4 b5 12.Bb3 a5 13.Qh4 a4 14.Bxd5 cxd5 15.Bh6 e6
16.Bg5 f6 17.exf6 Bxf6 18.Ne4 Bxg5+ 19.Nexg5 Qe7 20.a3 Qg7 21.Ne5 b4 22.Rhe1 bxa3
23.bxa3 Nb5 24.Rd3 Ra7 25.Qb4 Rb7 26.f4 Qc7 27.Rh3 Qd6 28.Qxa4 Qc5 29.Qb4 Qxb4
30.axb4 Rxf4 31.Nd3 Rc4 32.Nxe6 Bxe6 33.Rxe6 Rbc7 34.Re8+ Kg7 35.Nc5 Kf7
36.Rb8 Rxb4 37.Rxh7+  1-0

[Event "ESP-chT"]
[Site "?"]
[Date "1993.??.??"]
[Round "?"]
[White "Sion Castro, Marcelino"]
[Black "Bermejo Collado, Julian"]
[Result "1-0"]
[WhiteElo "2385"]
[BlackElo "2310"]

1.e4 d6 2.d4 g6 3.Nc3 Bg7 4.Be3 a6 5.Qd2 Nd7 6.a4 c5 7.d5 Qa5 8.Ra3 Ngf6
9.f3 O-O 10.Nh3 Ne5 11.Nf2 e6 12.dxe6 Bxe6 13.Qxd6 Ned7 14.Be2 Rfd8 15.O-O Rac8
16.Qg3 Nh5 17.Qh4 Bd4 18.Bg5 f6 19.Bc1 Ng7 20.f4 Nb8 21.Nd1 c4 22.c3 Bc5
23.Ra1 f5 24.Kh1 Kh8 25.Ne3 Bf8 26.Bf3 Nc6 27.exf5 Nxf5 28.Nxf5 Bxf5 29.Be3 Bg7
30.Rfe1 Re8 31.Ng4 Qd8 32.Qf2 Re7 33.Bb6 Qe8 34.Ne3 Bd3 35.Bd5 Nb8 36.a5 Nd7
37.Bxb7 Nxb6 38.Bxa6 Nd7 39.Nd5 Rxe1+ 40.Rxe1 Qd8 41.Bxc8 Qxc8 42.Qa7 Qc6
43.Re8+ Bf8 44.Qd4+  1-0

[Event "FIN-chT"]
[Site "FIN"]
[Date "1993.??.??"]
[Round "?"]
[White "Koskela, Niina"]
[Black "Nieminen, Kari"]
[Result "1/2-1/2"]
[WhiteElo "2155"]
[BlackElo "2220"]

1.e4 g6 2.d4 Bg7 3.Nc3 d6 4.h3 Nf6 5.Nf3 O-O 6.Be2 c6 7.a4 a5 8.O-O Na6 9.Be3 Nb4
10.Nd2 Qc7 11.f4 d5 12.f5 Nxe4 13.Ncxe4 dxe4 14.fxg6 hxg6 15.Nxe4 Bf5 16.Bf3 Rad8
17.Bf2 Bxe4 18.Bxe4 e5 19.c3 Nd5 20.Qb3 exd4 21.cxd4 Rd7 22.Kh1 Qd6 23.Rad1 Qb4
24.Qxb4 Nxb4 25.Rd2 Rfd8 26.Rfd1 Nd5 27.Bf3 Nb6 28.b3 Nd5 29.Rc2 Nb4 30.Rcd2 Bf6
31.Bg4 Rd6 32.Bf3 b6 33.Kh2 c5 34.d5 Bc3 35.Bg3 R6d7 36.Re2 Nxd5 37.Rxd5 Rxd5
38.Bxd5 Rxd5 39.Re8+ Kg7 40.Rb8 Rd3 41.Rxb6 Bb4 42.Be5+ Kh6 43.Bf4+ Kg7 44.Be5+ Kh6
45.Bf4+ Kg7  1/2-1/2